000 00308nam a2200109Ia 4500
008 171211s9999 xx 000 0 und d
245 _aPure Time-Preference Theory of Interest
245 _cJeffrey M. Herbener
260 _c2011
650 _xBUSINESS
856 _uhttp://down.ebook777.com/062/1610162366.pdf
999 _c349487
_d349487